Geographical information and urban transport systems
محفوظ في:
| المؤلفون الرئيسيون: | , |
|---|---|
| التنسيق: | كتاب |
| اللغة: | الإنجليزية |
| منشور في: |
Londres
ISTE
2011
Hoboken John Wiley and Sons 2011 |
| الطبعة: | 1a. ed |
| سلاسل: | Geographical Information Systems Series
|
| الموضوعات: | |
| الوسوم: |
إضافة وسم
لا توجد وسوم, كن أول من يضع وسما على هذه التسجيلة!
|
MARC
| LEADER | 00000cam a2200000 a 4500 | ||
|---|---|---|---|
| 001 | UCF6799 | ||
| 003 | CL-VaPUC | ||
| 008 | 130524e20110000UK |||||||||||||||||eng|d | ||
| 020 | |a 9781848212282 | ||
| 082 | 0 | 4 | |a 388.40285 |b BAN |2 21 |
| 100 | 0 | |a Banos, Arnaud |e author |9 568787 | |
| 700 | 0 | |a Thévenin, Thomas |e author |9 568788 | |
| 245 | 1 | 0 | |a Geographical information and urban transport systems |
| 250 | |a 1a. ed | ||
| 300 | |a 267 p | ||
| 942 | |c BK | ||
| 945 | |d 20130524 00:00:00 |a cmena | ||
| 260 | |a Londres |b ISTE |c 2011 | ||
| 260 | |a Hoboken |b John Wiley and Sons |c 2011 | ||
| 650 | 0 | |a Transporte urbano |9 260307 | |
| 650 | 0 | |a Ingeniería de transporte |9 260427 | |
| 650 | 0 | |a Sistemas de información geográfica |9 466572 | |
| 583 | |a last modification |c 20130524 08:39:00 |k Rodrigo Vera | ||
| 490 | 0 | |a Geographical Information Systems Series | |
| 999 | |c 351867 |d 351865 | ||
| 952 | |0 0 |1 0 |4 0 |6 388_402850000000000_BAN_2011_2011 |7 0 |8 A |9 456258 |a BIBING |b BIBING |d 2019-11-22 |i 4975685 |o 388.40285 BAN 2011 2011 |p 4975685 |r 2025-01-20 |w 2019-11-22 |y BK |k GEO | ||